00769nam a2200241 i 4500001001100000003000500011005001700016008004100033020002900074040003100103082001600134082001700150100003000167245007400197264006700271300002900338336002100367337002500388338002300413650001800436650003000454700004300484C2-0331165PPAK20250326123625.0150531s2015 my er 0 f may d a9789670246895qpaperback aPPAKbengcPPAKdPPAKerda04a899.23322304a899.23332230 aAzura Rasiddin, eauthor.10aLayakkah Aku? /bAzura Rasiddin ; Editor: Jabatan Editorial Karyaseni 1aCheras, Selangor : bPenerbitan Karyaseni Sdn. Bhd. , c[2015] aiii, 983 pages ; c19 cm 2rdacontentatext 2rdamediaaunmediated 2rdacarrieravolume10aMalay fiction24aMalaysian fiction (Malay)0 aJabatan Editorial Karyaseni, eeditor.